<?xml version="1.0" encoding="UTF-8"?><?xml-stylesheet type="text/xsl" href="static/style.xsl"?><OAI-PMH xmlns="http://www.openarchives.org/OAI/2.0/" xmlns:xsi="http://www.w3.org/2001/XMLSchema-instance" xsi:schemaLocation="http://www.openarchives.org/OAI/2.0/ http://www.openarchives.org/OAI/2.0/OAI-PMH.xsd"><responseDate>2026-06-01T01:18:19Z</responseDate><request verb="GetRecord" identifier="oai:riuma.uma.es:10630/36375" metadataPrefix="marc">https://riuma.uma.es/rest/oai/request</request><GetRecord><record><header><identifier>oai:riuma.uma.es:10630/36375</identifier><datestamp>2026-02-03T10:52:30Z</datestamp><setSpec>com_10630_2254</setSpec><setSpec>col_10630_37953</setSpec></header><metadata><record xmlns="http://www.loc.gov/MARC21/slim" xmlns:dcterms="http://purl.org/dc/terms/" xmlns:doc="http://www.lyncode.com/xoai" xmlns:xsi="http://www.w3.org/2001/XMLSchema-instance" xsi:schemaLocation="http://www.loc.gov/MARC21/slim http://www.loc.gov/standards/marcxml/schema/MARC21slim.xsd">
   <leader>00925njm 22002777a 4500</leader>
   <datafield ind2=" " ind1=" " tag="042">
      <subfield code="a">dc</subfield>
   </datafield>
   <datafield ind2=" " ind1=" " tag="720">
      <subfield code="a">Conradie, Willem</subfield>
      <subfield code="e">author</subfield>
   </datafield>
   <datafield ind2=" " ind1=" " tag="720">
      <subfield code="a">Della Monica, Dario</subfield>
      <subfield code="e">author</subfield>
   </datafield>
   <datafield ind2=" " ind1=" " tag="720">
      <subfield code="a">Muñoz-Velasco, Emilio José</subfield>
      <subfield code="e">author</subfield>
   </datafield>
   <datafield ind2=" " ind1=" " tag="720">
      <subfield code="a">Sciavicco, Guido</subfield>
      <subfield code="e">author</subfield>
   </datafield>
   <datafield ind2=" " ind1=" " tag="720">
      <subfield code="a">Stan, Ionel Eduard</subfield>
      <subfield code="e">author</subfield>
   </datafield>
   <datafield ind2=" " ind1=" " tag="260">
      <subfield code="c">2023</subfield>
   </datafield>
   <datafield ind2=" " ind1=" " tag="520">
      <subfield code="a">The most representative interval temporal logic, called HS, was introduced by Halpern and Shoham in the nineties. Recently, HS has been proposed as a suitable formalism for modern artificial intelligence applications; however, when dealing with real-life data one is not always able to express temporal relations and propositional labels in a definite, crisp way. In this paper, following the seminal ideas of Fitting and Zadeh, we present a fuzzy generalization of HS, called FHS, that partially solves such problems of expressive power. We study FHS from both a theoretical and an application standpoint: first, we discuss its syntax, semantics, expressive power, and satisfiability problem; then, we define and solve the time series FHS finite model checking problem, to serve as the basis of future applications.</subfield>
   </datafield>
   <datafield ind1="8" ind2=" " tag="024">
      <subfield code="a">Willem Conradie, Dario Della Monica, Emilio Muñoz-Velasco, Guido Sciavicco, Ionel Eduard Stan, Fuzzy Halpern and Shoham's interval temporal logics, Fuzzy Sets and Systems, Volume 456, 2023, Pages 107-124, ISSN 0165-0114, https://doi.org/10.1016/j.fss.2022.05.014</subfield>
   </datafield>
   <datafield ind1="8" ind2=" " tag="024">
      <subfield code="a">https://hdl.handle.net/10630/36375</subfield>
   </datafield>
   <datafield ind1="8" ind2=" " tag="024">
      <subfield code="a">10.1016/j.fss.2022.05.014</subfield>
   </datafield>
   <datafield tag="653" ind2=" " ind1=" ">
      <subfield code="a">Modalidad (Lógica)</subfield>
   </datafield>
   <datafield ind2="0" ind1="0" tag="245">
      <subfield code="a">Fuzzy Halpern and Shoham's interval temporal logics</subfield>
   </datafield>
</record>
</metadata></record></GetRecord></OAI-PMH>